000 01014nam a22002655i 4500
001 175202
003 ES-MaACL
005 20250822040308.0
008 101014s1969 sp |||| | spa d
080 _a616.89
080 _a340.63
100 1 _aWeitbrecht, Hans Jörg.
_9116421
245 1 0 _aManual de psiquiatría /
_cHans Jörg Weitbrecht ; prólogo y capítulo sobre "Psiquiatría forense" por J.J. López Ibor ; versión española de Rafael Echevarría ; traducciones Diorki.
260 _aMadrid :
_bGredos,
_c[1969]
300 _a746 p. ;
_c24 cm.
490 1 _aBiblioteca de psicología y psicoterapia ;
_v16
650 7 _aPsiquiatría
_2embne
_916586
650 1 7 _aPsiquiatría legal
_2embne
_916596
700 1 _aLópez Ibor, Juan José,
_d1906-1991
_973703
700 1 _aEchevarría Ramos, Rafael.
_946563
710 2 _aDiorki.
_93392
830 1 0 _aBiblioteca de psicología y psicoterapia
_v16
_9189553
852 4 _aES-MaACL
_jE-13371
_xOlim P-527-Ter
999 _c175202
_d175202